1757 1552 1015 1261 1614 1788 1401 1378 1254 1980 1133 1921 1188 1968 1318 1355 1346 1178 1794 1802 1904 1813 1547 1292 1416 1531 1250 1115 1188 1492 1164 1581 1753 1872 1198 1955 1263 1405 1959 1612 1970 1924 1594 1658 1122 1289 1997 1796 1629 1296 1341 1929 1017 1414 1032 1350 1168 1221 1312 1544 1028 1720 1703 1774 1184 1160 1320 1128 1423 1314 1569 1457 1938 1499 1557 1684 1876 1610 1921 1912 1453 1630 1160 1110 1301 1038 1087 1607 1174 1275 1149 1317 1364 1604 1310 1390 1587 1535 1778 BCNSPRNW ULIB Ver.6.0+V

เปลี่ยนเป็นภาษาไทย

Change to English
 แสดงรายละเอียดบรรณานุกรม
  กลับหน้าหลัก

Brief Record : Get Marc (ISO 2709) : E-mail record : QR code < ปิดหน้าต่าง
LEADER : 00000nam 2200000uu 4500
001    13399127397
003     ULIB
008    200519s2017||||th 000 0 tha d
020    ^a9781520650203 (pbk.)
020    ^a9781973169765 (pbk.)
050  4 ^aPE1128^bE48T
100 1  ^aElmetaher, Hosam
245 10 ^aTOEFL ITP test listening, grammar & reading /^cHosamElmetaher ... [et al.]
246 31 ^aTOEFL ITP test listening, grammar and reading
260    ^aMiddletown :^bHosam Elmetaher,^c2017
300    ^a237 p. ;^c28 cm.
650  0 ^aEnglish language^xExaminations
650  0 ^aEnglish language^xGrammar
650  0 ^aEnglish language^vTextbooks for foreign speakers
650  0 ^aTest of English as a Foreign Language^vStudy guides
653    ^aTOEFL
945    ^p623^l0^i007068
999    ^aประนอม เกษจรัล
รายการนี้ยังไม่มีแท็ก
คุณยังไม่ได้ล็อกอิน คุณสามารถมีกิจกรรมร่วมกับเว็บไซต์ได้ แต่ต้องล็อกอินก่อน ::
  ล็อกอิน

รายการสื่อสารสนเทศ

ลำดับที่ ประเภท เลขเรียก/บาร์โค้ด สถานที่ สถานะ
1. การศึกษาทั่วไป
หนังสือสำรอง
สถานะ=หนังสือสำรอง
PE1128 E48T ฉ.1 
  Barcode: 007068
ห้องสมุดวิทยาเขตสวรรค์ประชารักษ์
►หนังสือทั่วไป
บนชั้น

รายการใกล้เคียง
    ผู้แต่ง [Elmetaher, Hosam]

    หัวเรื่อง [English language Grammar]

BibComment


ยังไม่เคยถูกคอมเมนท์

คอมเมนท์ทรัพยากรรายการนี้
  คอมเมนท์: TOEFL ITP test l..


 Copyright 2026. Bcnsprnw @Library